Statistics for North London Derby Scorers

Click here to take the quiz!

General Stats

  • This quiz has been taken 335 times
    (17 since last reset)
  • The average score is 32 of 89

Answer Stats

PlayerClubLastGoals% Correct
Harry KaneTottenham202214
100%
Son Heung-minTottenham20247
100%
Thierry HenryArsenal20065
94%
Bukayo SakaArsenal20243
88%
Emmanuel AdebayorBoth20138
75%
Gareth BaleTottenham20135
75%
Martin ØdegaardArsenal20232
75%
Robert PirèsArsenal20067
75%
Robin van PersieArsenal20125
75%
Dennis BergkampArsenal19972
69%
Gabriel JesusArsenal20221
69%
Alexis SanchezArsenal20172
63%
Jermain DefoeTottenham20051
63%
Kai HavertzArsenal20241
63%
Patrick VieiraArsenal20054
63%
Pierre-Emerick AubameyangArsenal20214
63%
Cristian RomeroTottenham20241
56%
Mesut OzilArsenal20151
56%
Robbie KeaneTottenham20073
56%
Aaron RamseyArsenal20193
50%
Alexandre LacazetteArsenal20214
50%
Granit XhakaArsenal20221
50%
Ian WrightArsenal19964
50%
Olivier GiroudArsenal20142
50%
Theo WalcottArsenal20134
50%
Thomas ParteyArsenal20221
50%
Cesc FabregasArsenal20102
44%
Emile Smith RoweArsenal20211
44%
Kolo TouréArsenal20071
44%
Samir NasriArsenal20112
44%
Santi CazorlaArsenal20131
44%
Aaron LennonTottenham20132
38%
Darren BentTottenham20091
38%
Dele AlliTottenham20171
38%
Fredrik LjungbergArsenal20054
38%
Gilberto SilvaArsenal20072
38%
Per MertesackerArsenal20132
38%
Rafael van der VaartTottenham20124
38%
Ray ParlourArsenal19981
38%
Tony AdamsArsenal19971
38%
Alex Oxlade-ChamberlainArsenal20151
31%
Danny RoseTottenham20101
31%
Eric DierTottenham20181
31%
Erik LamelaTottenham20211
31%
Jürgen KlinsmannTottenham19951
31%
Kyle WalkerTottenham20121
31%
Sylvain WiltordArsenal20031
31%
Teddy SheringhamTottenham20023
31%
Toby AlderweireldTottenham20202
31%
Tomas RosickyArsenal20142
31%
Bacary SagnaArsenal20121
25%
Christian EriksenTottenham20191
25%
Dimitar BerbatovTottenham20081
25%
Emmanuel PetitArsenal19991
25%
LaurenArsenal20052
25%
Lucas TorreiraArsenal20181
25%
Lukas PodolskiArsenal20131
25%
Marouane ChamakhArsenal20111
25%
Nicklas BendtnerArsenal20102
25%
Shkodran MustafiArsenal20171
25%
David BentleyTottenham20091
19%
Jermaine JenasTottenham20092
19%
José ReyesArsenal20051
19%
Ledley KingTottenham20062
19%
Nacer ChadliTottenham20151
19%
Nicolas AnelkaArsenal19991
19%
Tom HuddlestoneTottenham20111
19%
William GallasArsenal20091
19%
Younès KaboulTottenham20111
19%
Gustavo PoyetTottenham20021
13%
Jamie RedknappTottenham20041
13%
Kieran GibbsArsenal20161
13%
Louis SahaTottenham20121
13%
Serhiy RebrovTottenham20011
13%
Steffen IversenTottenham20001
13%
Allan NielsenTottenham19981
6%
Andy SintonTottenham19971
6%
Chris ArmstrongTottenham20002
6%
Christian ZiegeTottenham20031
6%
Darren AndertonTottenham20043
6%
Frédéric KanoutéTottenham20051
6%
Gheorghe PopescuTottenham19951
6%
John HendryTottenham19932
6%
Mikaël SilvestreArsenal20091
6%
Noureddine NaybetTottenham20051
6%
Nwankwo KanuArsenal19991
6%
Paul AllenTottenham19931
6%
Paul DickovArsenal19931
6%
Tim SherwoodTottenham20001
6%

Score Distribution

Percentile by Number Answered

Percent of People with Each Score

Your Score History

You have not taken this quiz since the last reset